[Event "LYM - Open Maîtres"]
[Site "Lausanne - Casino de Montbenon"]
[Date "2000.??.??"]
[Round "1"]
[White "Kosteniuk, Alexandra"
[Black "Hamzabegovic, Mersudi"]
[Result "1-0"]
[WhiteElo "2409"]
[BlackElo "2104"]
[PlyCount "53"]
[EventDate "2000.??.??"]

1. e4 e5 2. Nf3 d5 3. Nc3 dxe4 4. Nxe4 Nd7 5. d4 Ngf6 6. Nxf6+ Nxf6 7. Bd3 c5
8. Be3 Qb6 9. O-O cxd4 10. Nxd4 Bc5 11. c3 Nd5 12. b4 Nxe3 13. fxe3 Bxd4 14.
exd4 O-O 15. Qh5 g6 16. Qxe5 Qd8 17. Rf6 Bd7 18. Raf1 Rc8 19. c4 Qc7 20. Qg5
Qd6 21. R1f4 Kg7 22. Rh4 Rh8 23. d5 Qxb4 24. Qe5 Qc5+ 25. Kh1 Kg8 26. Bxg6 Qxd5
27. Bxf7+ 1-0

[Event "LYM - Open Maîtres"]
[Site "Lausanne - Casino de Montbenon"]
[Date "2000.??.??"]
[Round "1"]
[White "Huss, Andreas"
[Black "De Andrès, Jésus"]
[Result "1-0"]
[WhiteElo "2349"]
[BlackElo "2068"]
[PlyCount "39"]
[EventDate "2000.??.??"]

1. d4 d5 2. c4 e6 3. Nf3 c6 4. e3 Nf6 5. Nc3 Nbd7 6. Qc2 Be7 7. Bd3 h6 8. O-O
O-O 9. e4 dxe4 10. Nxe4 Nxe4 11. Bxe4 Qc7 12. g3 Bf6 13. Bf4 e5 14. dxe5 Nxe5
15. Kg2 Re8 16. Rfe1 Kf8 17. Bf5 c5 18. Bxc8 Raxc8 19. Qf5 Qd7 20. Rxe5 1-0

[Event "LYM - Open Maîtres"]
[Site "Lausanne - Casino de Montbenon"]
[Date "2000.??.??"]
[Round "1"]
[White "Skytte, Rasmus"
[Black "Goletto, Céline"]
[Result "1-0"]
[WhiteElo "2346"]
[BlackElo "2006"]
[PlyCount "81"]
[EventDate "2000.??.??"]

1. e4 c5 2. c3 b6 3. d4 Bb7 4. Bd3 cxd4 5. cxd4 Nf6 6. Nc3 g6 7. Nf3 Bg7 8. O-O
O-O 9. Qe2 d6 10. Bg5 h6 11. Bh4 Nh5 12. Qe3 Nc6 13. Rad1 Qd7 14. d5 Ne5 15.
Be2 Ng4 16. Qd2 g5 17. Bg3 Nxg3 18. hxg3 Ne5 19. Nd4 Rac8 20. Bb5 Qd8 21. f4
Nc4 22. Qe2 Qc7 23. Bc6 Bxc6 24. Nxc6 b5 25. Kh2 a6 26. fxg5 hxg5 27. Rf5 Bf6
28. Qh5 Kg7 29. Rxg5+ Bxg5 30. Qxg5+ Kh7 31. Rh1 Qb6 32. Kh3 Ne3 33. g4 Nf1 34.
Rxf1 f6 35. Qf5+ Kg7 36. Nxe7 Rh8+ 37. Kg3 Qe3+ 38. Qf3 Qg5 39. Nf5+ Kf8 40.
Qf4 Qxf4+ 41. Rxf4 1-0

[Event "LYM - Open Maîtres"]
[Site "Lausanne - Casino de Montbenon"]
[Date "2000.??.??"]
[Round "1"]
[White "Van Blitterswijk, Stefan"
[Black "Cochet, Jean-Daniel"]
[Result "1-0"]
[WhiteElo "2308"]
[BlackElo "2048"]
[PlyCount "73"]
[EventDate "2000.??.??"]

1. e4 Nf6 2. e5 Nd5 3. d4 d6 4. Nf3 Nc6 5. c4 Nb6 6. exd6 exd6 7. Nc3 Be7 8.
Be2 O-O 9. h3 Bf5 10. O-O Bf6 11. b3 d5 12. c5 Nc8 13. Be3 h6 14. a3 N8e7 15.
b4 Ng6 16. Qb3 Be6 17. Rad1 Nce7 18. g4 c6 19. Ne1 Qc7 20. f4 Nh4 21. Nd3 Rad8
22. Qc2 Rfe8 23. Qd2 Bc8 24. Ne5 Neg6 25. Qe1 Nxe5 26. dxe5 Ng6 27. Bd4 Bh4 28.
Qd2 Qe7 29. Bd3 Nf8 30. f5 Qc7 31. Bb1 Bg3 32. e6 fxe6 33. f6 gxf6 34. Bxf6 Be5
35. Bxd8 Qxd8 36. Qxh6 Bg7 37. Rxf8+ 1-0

[Event "LYM - Open Maîtres"]
[Site "Lausanne - Casino de Montbenon"]
[Date "2000.??.??"]
[Round "1"]
[White "Ferrari, Nicola"]
[Black "Masserey, Yvan"]
[Result "1/2-1/2"]
[WhiteElo "2093"]
[BlackElo "2303"]
[PlyCount "72"]
[EventDate "2000.??.??"]

1. e4 e6 2. d4 d5 3. Nc3 Bb4 4. e5 c5 5. Bd2 Ne7 6. Nf3 Nbc6 7. Nb5 Bxd2+ 8.
Qxd2 O-O 9. dxc5 b6 10. cxb6 Qxb6 11. Be2 Ng6 12. Qe3 Qxe3 13. fxe3 Ngxe5 14.
Nbd4 Bd7 15. Nxc6 Nxc6 16. c4 Rab8 17. b3 Nb4 18. Kf2 dxc4 19. Bxc4 Bb5 20.
Bxb5 Rxb5 21. Rhd1 Rc8 22. Rac1 Rbb8 23. Rxc8+ Rxc8 24. Rd2 h6 25. Ke2 g5 26.
h4 g4 27. Ne5 h5 28. Nc6 Rc7 29. e4 Kg7 30. Ke3 f6 31. a3 Na6 32. Rd6 Nc5 33.
Na5 Kf7 34. b4 Na4 35. Rc6 Rd7 36. Nb3 Nb2 1/2-1/2

[Event "LYM - Open Maîtres"]
[Site "Lausanne - Casino de Montbenon"]
[Date "2000.??.??"]
[Round "1"]
[White "Paleologu, Vladimir"]
[Black "Hernando, Jose-Carlos"]
[Result "0-1"]
[WhiteElo "2077"]
[BlackElo "2403"]
[PlyCount "104"]
[EventDate "2000.??.??"]

1. e4 g6 2. d4 c6 3. c3 d5 4. f3 Nf6 5. e5 Nh5 6. Bd3 Ng7 7. Ne2 Bf5 8. Nf4 e6
9. Be3 h5 10. Bf2 Nd7 11. g4 Bxd3 12. Nxd3 Be7 13. Nd2 Bh4 14. Qe2 Bxf2+ 15.
Qxf2 f6 16. Qe3 fxe5 17. Nxe5 Qh4+ 18. Ke2 Qf6 19. h3 O-O-O 20. Nb3 Ne8 21.
Nxd7 Rxd7 22. Nc5 Re7 23. Nd3 Rf8 24. Ne5 Nd6 25. Raf1 g5 26. Rhg1 h4 27. b3
Qg7 28. Qd3 Rf6 29. a4 Nf7 30. Qe3 Rf4 31. Nd3 e5 32. Kd2 Rf6 33. dxe5 Nxe5 34.
Nxe5 Rfe6 35. f4 gxf4 36. Qxf4 Rxe5 37. Qf8+ Qxf8 38. Rxf8+ Kd7 39. Rf3 Re2+
40. Kd3 Rb2 41. b4 Ree2 42. Rd1 b6 43. c4 Ke6 44. cxd5+ cxd5 45. Rdf1 Kd6 46.
Rf6+ Re6 47. Kc3 Ra2 48. Kb3 Rg2 49. R6f3 Rg3 50. Rxg3 hxg3 51. Rf3 g2 52. Rg3
Re3+ 0-1

[Event "LYM - Open Maîtres"]
[Site "Lausanne - Casino de Montbenon"]
[Date "2000.05.31"]
[Round "1"]
[White "Kengis, Edvins"]
[Black "Revuckij, Vladimir"]
[Result "1-0"]
[WhiteElo "2574"]
[BlackElo "2223"]
[PlyCount "49"]
[EventDate "2000.??.??"]

1. Nf3 f5 2. g3 Nf6 3. Bg2 g6 4. b4 Bg7 5. Bb2 d6 6. d4 O-O 7. c4 c6 8. Nbd2
Na6 9. a3 Nc7 10. O-O Qe8 11. Qc2 Bd7 12. Rae1 a6 13. e4 fxe4 14. Nxe4 Qf7 15.
Nxf6+ Bxf6 16. Re3 Be6 17. d5 Bf5 18. Qd2 Bxb2 19. Qxb2 cxd5 20. c5 Rad8 21.
Rfe1 Be4 22. cxd6 Rxd6 23. Ne5 Qf6 24. Bxe4 dxe4 25. Rxe4 1-0

[Event "LYM - Open Maîtres"]
[Site "Lausanne - Casino de Montbenon"]
[Date "2000.05.31"]
[Round "1"]
[White "Bjarnason, Oskar"]
[Black "Tukmakov, Vladimir"]
[Result "0-1"]
[WhiteElo "2218"]
[BlackElo "2574"]
[PlyCount "66"]
[EventDate "2000.??.??"]

1. e4 c5 2. Nf3 d6 3. d4 cxd4 4. Nxd4 Nf6 5. Nc3 Nc6 6. Be3 Ng4 7. Bb5 Nxe3 8.
fxe3 Bd7 9. O-O e6 10. Bxc6 bxc6 11. Qf3 Qf6 12. Qe2 Qe5 13. Qf3 f6 14. Qg4 Rb8
15. Rab1 Qg5 16. Qxg5 fxg5 17. e5 c5 18. Nf3 g4 19. Nd2 d5 20. Rf4 h5 21. e4
Be7 22. Rf2 Bg5 23. Nf1 d4 24. Ne2 Rf8 25. b3 Bc6 26. Re1 Rxf2 27. Kxf2 Ke7 28.
Neg3 h4 29. Nh1 c4 30. Rd1 Rf8+ 31. Ke1 d3 32. Nd2 dxc2 33. Rc1 c3 0-1

[Event "LYM - Open Maîtres"]
[Site "Lausanne - Casino de Montbenon"]
[Date "2000.05.31"]
[Round "1"]
[White "Trent, Lawrence"]
[Black "Volzhin, Alexander"]
[Result "0-1"]
[WhiteElo "2553"]
[BlackElo "2188"]
[PlyCount "57"]
[EventDate "2000.??.??"]

1. e4 c5 2. Nc3 a6 3. g3 b5 4. Bg2 Bb7 5. d3 d6 6. Be3 Nf6 7. h3 e6 8. Qd2 Be7
9. Nge2 d5 10. e5 Nfd7 11. f4 Qc7 12. d4 O-O 13. O-O Nc6 14. Rae1 Rac8 15. f5
cxd4 16. Nxd4 Nxd4 17. Bxd4 Bc5 18. Kh1 Bxd4 19. Qxd4 Qc5 20. Qg4 Rfe8 21. f6
g6 22. Rf4 Nb6 23. h4 Qf8 24. Kh2 Nc4 25. Nd1 h6 26. Bf1 Nd2 27. Bd3 Ne4 28.
Nf2 Qb4 29. Rg1 0-1

[Event "LYM - Open Maîtres"]
[Site "Lausanne - Casino de Montbenon"]
[Date "2000.05.31"]
[Round "1"]
[White "Cornette, Matthieu"]
[Black "Pelletier, Yannick"]
[Result "0-1"]
[WhiteElo "2119"]
[BlackElo "2478"]
[PlyCount "55"]
[EventDate "2000.??.??"]

1. e4 c5 2. Nf3 d6 3. d4 cxd4 4. Nxd4 Nf6 5. f3 e5 6. Bb5+ Nbd7 7. Nf5 d5 8.
exd5 a6 9. Ba4 b5 10. Bb3 Nb6 11. Nc3 Bc5 12. Ne3 O-O 13. Qd3 Bd4 14. Ne4 Nh5
15. c3 Nf4 16. Qc2 f5 17. cxd4 fxe4 18. Qxe4 exd4 19. d6+ Kh8 20. Bc2 Nxg2+ 21.
Ke2 Nf4+ 22. Kd1 d3 23. Bxd3 Nxd3 24. Qxd3 Bb7 25. Nf5 Rxf5 26. Qxf5 Qxd6+ 27.
Kc2 Rf8 28. Qd3 0-1

[Event "LYM - Open Maîtres"]
[Site "Lausanne - Casino de Montbenon"]
[Date "2000.??.??"]
[Round "2"]
[White "Hernando, Jos.-Carlos"
[Black "Rausis, Igors"
[Result "1/2-1/2"]
[WhiteElo "2403"]
[BlackElo "2572"]
[PlyCount "75"]
[EventDate "2000.??.??"]

1. g3 d5 2. Nf3 Nf6 3. Bg2 e6 4. O-O Be7 5. d3 b6 6. a4 Bb7 7. a5 O-O 8. Nbd2
c5 9. e4 b5 10. exd5 exd5 11. b4 cxb4 12. Nd4 Nc6 13. N2b3 Nxd4 14. Nxd4 a6 15.
Nf5 Re8 16. Nxe7+ Qxe7 17. Bb2 d4 18. Bxb7 Qxb7 19. Bxd4 Nd5 20. Qg4 f6 21.
Rfe1 Qc6 22. Re4 Rxe4 23. dxe4 Ne7 24. e5 f5 25. Qg5 Qe6 26. Bb2 Rd8 27. Qe3
Nd5 28. Qb3 h6 29. Rd1 Kh7 30. h4 Qc6 31. Rd4 Rd7 32. h5 Kh8 33. Qd3 Qe6 34. f4
Kg8 35. Kf2 Qf7 36. Kg2 Qe6 37. Kf2 Qf7 38. Kg2 1/2-1/2

[Event "LYM - Open Maîtres"]
[Site "Lausanne - Casino de Montbenon"]
[Date "2000.??.??"]
[Round "2"]
[White "Wegmuller, Andreas"]
[Black "Bonnet, Edouard"]
[Result "1-0"]
[WhiteElo "2119"]
[BlackElo "2108"]
[PlyCount "75"]
[EventDate "2000.??.??"]

1. d4 d5 2. c4 c6 3. Nf3 Nf6 4. Nc3 e6 5. Bg5 h6 6. Bh4 dxc4 7. e4 g5 8. Bg3 b5
9. Be2 Bb7 10. O-O Nbd7 11. d5 exd5 12. exd5 Nxd5 13. Bxc4 Nxc3 14. Re1+ Be7
15. bxc3 O-O 16. Bb3 Bf6 17. Qc2 c5 18. Qf5 Bxc3 19. Rad1 Qf6 20. Qxd7 Bxf3 21.
gxf3 Bxe1 22. Rxe1 c4 23. Bc2 a6 24. Be5 Qe6 25. Qb7 Rad8 26. Bc3 Qd5 27. Qe7
Qxf3 28. Re3 Qg4+ 29. Rg3 Qf4 30. Re3 a5 31. h3 b4 32. Be5 b3 33. axb3 cxb3 34.
Bxf4 bxc2 35. Rc3 gxf4 36. Rxc2 Rfe8 37. Qf6 Rd1+ 38. Kg2 1-0

[Event "LYM - Open Maîtres"]
[Site "Lausanne - Casino de Montbenon"]
[Date "2000.??.??"]
[Round "2"]
[White "Kruck, Daniel"]
[Black "Walther, Yan"]
[Result "0-1"]
[WhiteElo "2180"]
[BlackElo "2052"]
[PlyCount "86"]
[EventDate "2000.??.??"]

1. d4 Nf6 2. Nf3 e6 3. e3 c5 4. Bd3 b6 5. Qe2 Bb7 6. O-O Be7 7. Nbd2 O-O 8. c4
d5 9. b3 Nc6 10. Bb2 Nb4 11. Bb1 Rc8 12. a3 Nc6 13. Ba2 Ne4 14. Rfd1 Qc7 15.
Rac1 Rfd8 16. dxc5 bxc5 17. cxd5 exd5 18. Nxe4 dxe4 19. Nd2 Ne5 20. Bb1 Nd3 21.
Bxd3 Rxd3 22. Qg4 g6 23. Nc4 Rcd8 24. Ne5 Rxb3 25. Ba1 Rxa3 26. h4 Rxa1 27.
Rxa1 Rxd1+ 28. Qxd1 Qxe5 29. Rxa7 Bc6 30. g3 Bf6 31. Qb3 Bd5 32. Qb5 Be6 33.
Qe8+ Kg7 34. g4 Qd5 35. g5 Qd1+ 36. Kg2 Qg4+ 37. Kh1 Qxh4+ 38. Kg1 Qxg5+ 39.
Kh1 Qh4+ 40. Kg1 Qg4+ 41. Kh1 Qf3+ 42. Kg1 Bh4 43. Qxe6 Bxf2+ 0-1

[Event "LYM - Open Maîtres"]
[Site "Lausanne - Casino de Montbenon"]
[Date "2000.??.??"]
[Round "2"]
[White "Garnier-Salvi, Vincent"]
[Black "Trent, Lawrence"]
[Result "0-1"]
[WhiteElo "2000"]
[BlackElo "2188"]
[PlyCount "68"]

1. e4 c5 2. Nf3 d6 3. d4 cxd4 4. Nxd4 Nf6 5. Nc3 g6 6. Be3 Bg7 7. f3 O-O 8. Qd2
Nc6 9. O-O-O d5 10. Kb1 Nxd4 11. e5 Nf5 12. exf6 Bxf6 13. Nxd5 Qxd5 14. Qxd5
Nxe3 15. Qd2 Nxd1 16. Qxd1 Be6 17. Bd3 Rfd8 18. Qe2 Rd4 19. Be4 Rad8 20. c3 Rd2
21. Qf1 R8d6 22. Rg1 b5 23. g4 b4 24. g5 Bg7 25. Kc1 bxc3 26. bxc3 Rxa2 27. Rg2
Ra1+ 28. Bb1 Bf5 29. Rb2 Bxc3 30. Rb8+ Kg7 31. Qg2 Bd2+ 32. Kd1 Bc3+ 33. Kc1
Re6 34. Kd1 Re1# 0-1

[Event "LYM - Open Maîtres"]
[Site "Lausanne - Casino de Montbenon"]
[Date "2000.??.??"]
[Round "2"]
[White "Vianin, Pascal"]
[Black "Jagstaidt, Patrick"]
[Result "1-0"]
[WhiteElo "2189"]
[BlackElo "2069"]
[PlyCount "65"]
[EventDate "2000.??.??"]

1. e4 e6 2. Qe2 c5 3. Nf3 Nc6 4. g3 Nge7 5. Bg2 g6 6. O-O Bg7 7. d3 d5 8. Re1
O-O 9. e5 Qc7 10. h4 h6 11. c3 Bd7 12. Bf4 Kh7 13. Nbd2 a5 14. Nf1 Ng8 15. N1h2
Rae8 16. d4 cxd4 17. cxd4 Qb6 18. Qd2 Rc8 19. a3 a4 20. h5 Na5 21. hxg6+ fxg6
22. Nh4 Bb5 23. Rad1 Nb3 24. Qe3 Rc2 25. Nxg6 Rfc8 26. Nh4 Qc6 27. Ng4 Rxb2 28.
Nf6+ Nxf6 29. exf6 Bxf6 30. Qxe6 Qxe6 31. Rxe6 Bxd4 32. Re7+ Bg7 33. Be5 1-0

[Event "LYM - Open Maîtres"]
[Site "Lausanne - Casino de Montbenon"]
[Date "2000.??.??"]
[Round "2"]
[White "Loetscher, Roland"]
[Black "Paleologu, Vladimir"]
[Result "1/2-1/2"]
[WhiteElo "2218"]
[BlackElo "2077"]
[PlyCount "114"]
[EventDate "2000.??.??"]

1. d4 f5 2. c4 Nf6 3. g3 g6 4. Bg2 Bg7 5. Nh3 O-O 6. O-O c6 7. Nc3 d5 8. Qd3
Be6 9. b3 Kh8 10. Nf4 Bf7 11. h4 Ne4 12. cxd5 cxd5 13. e3 Nc6 14. Bb2 Qc7 15.
Rfc1 Rfc8 16. Bf1 e6 17. Kg2 Bf8 18. Na4 b6 19. f3 Nf6 20. Qd1 Qb7 21. Bb5 Nb4
22. a3 a6 23. Be2 Nc6 24. Rc3 Na7 25. Qf1 Rxc3 26. Bxc3 Nc6 27. Bb2 Na5 28. Qd1
Rc8 29. Rc1 Nd7 30. Nd3 Kg8 31. Nb4 Rxc1 32. Bxc1 b5 33. Nb2 Bd6 34. Qc2 Be8
35. Bd2 Nf6 36. N2d3 Nc6 37. Nc5 Nxb4 38. axb4 Qc6 39. Bc3 Bd7 40. Bb2 Nh5 41.
f4 Nf6 42. Bf3 h5 43. Qb1 Bc8 44. Qa1 Bc7 45. Qc1 Kf7 46. Qd2 Bd6 47. Nd3 Qc7
48. Ne5+ Kg7 49. Nd3 Bb7 50. Nc5 Bc8 51. Qc3 Kf7 52. Kf2 Ke7 53. Qc1 Qc6 54.
Qd1 Kf7 55. Qa1 Bc7 56. Qb1 Bd6 57. Nd3 Kg7 1/2-1/2

[Event "LYM - Open Maîtres"]
[Site "Lausanne - Casino de Montbenon"]
[Date "2000.??.??"]
[Round "2"]
[White "Sudan, Georges"]
[Black "Bjarnason, Oskar"]
[Result "0-1"]
[WhiteElo "2077"]
[BlackElo "2218"]
[PlyCount "120"]
[EventDate "2000.??.??"]

1. e4 c5 2. c3 e6 3. d4 d5 4. e5 Qb6 5. Nf3 Nc6 6. Be2 cxd4 7. cxd4 Nh6 8. Nc3
Nf5 9. Na4 Qa5+ 10. Bd2 Bb4 11. Bc3 Bxc3+ 12. Nxc3 Qb6 13. Bb5 O-O 14. Bxc6
Qxb2 15. Na4 Qb4+ 16. Qd2 Qxd2+ 17. Kxd2 bxc6 18. Nc5 Rb8 19. Rab1 Rb6 20. a4
Rd8 21. Rhc1 Ne7 22. a5 Rb5 23. Rxb5 cxb5 24. a6 b4 25. Ne1 Kf8 26. Nc2 b3 27.
Nb4 Bd7 28. Rb1 Bb5 29. Rxb3 Bc4 30. Rb2 Ke8 31. Nc2 Nc6 32. Rb7 Rb8 33. Nb4
Rxb7 34. axb7 Nb8 35. Kc3 Kd8 36. Nc2 Kc7 37. Na3 Bf1 38. g3 Na6 39. Nxa6+ Bxa6
40. b8=Q+ Kxb8 41. Kb4 Kc7 42. Kc5 Bd3 43. f4 f6 44. Kb4 Kb6 45. Kc3 Be4 46.
Kb4 fxe5 47. fxe5 g5 48. h4 gxh4 49. gxh4 Bf5 50. Ka4 Bg6 51. Kb4 Be4 52. Ka4
a6 53. Kb4 Bd3 54. Kc3 Be4 55. Kb4 Kc7 56. Kc5 Kd7 57. Kb6 Bd3 58. Kc5 Ke7 59.
Kc6 Kf7 60. Kd6 Bf5 0-1

[Event "LYM - Open Maîtres"]
[Site "Lausanne - Casino de Montbenon"]
[Date "2000.??.??"]
[Round "2"]
[White "Hamzabegovic, Mersudin"]
[Black "Cochet, Jean-Daniel"]
[Result "0-1"]
[WhiteElo "2104"]
[BlackElo "2048"]
[PlyCount "86"]

1. d4 f5 2. g3 Nf6 3. Bg2 g6 4. c4 Bg7 5. Nf3 O-O 6. O-O d6 7. Nc3 Nc6 8. d5
Ne5 9. Nxe5 dxe5 10. e4 f4 11. b4 Ng4 12. h3 Nh6 13. g4 e6 14. b5 Qh4 15. f3
Nf7 16. Qe1 Qe7 17. Na4 Re8 18. Bd2 Qa3 19. Qd1 Qd3 20. Rc1 a6 21. b6 Bd7 22.
Rf2 Qa3 23. Nc3 cxb6 24. dxe6 Bxe6 25. Nd5 Bxd5 26. cxd5 Rac8 27. Rc2 Rxc2 28.
Qxc2 Qc5 29. Qb3 Bf8 30. Bf1 Rc8 31. Kg2 Qd4 32. Qd3 Bc5 33. Qxd4 Bxd4 34. Re2
Nd6 35. Be1 Nc4 36. Bf2 b5 37. Bxd4 exd4 38. Kf2 d3 39. Re1 Ne5 40. Bg2 Rc2+
41. Kf1 Nc4 42. d6 Ne3+ 43. Rxe3 fxe3 0-1

[Event "LYM - Open Maîtres"]
[Site "Lausanne - Casino de Montbenon"]
[Date "2000.??.??"]
[Round "2"]
[White "Gofsthein, Alon-Zeev"
[Black "Spiekermann, Stefan"]
[Result "1-0"]
[WhiteElo "2580"]
[BlackElo "2033"]
[PlyCount "99"]

1. d4 Nf6 2. c4 g6 3. Nc3 d5 4. cxd5 Nxd5 5. e4 Nxc3 6. bxc3 Bg7 7. Nf3 c5 8.
Rb1 O-O 9. Be2 b6 10. O-O Bb7 11. Qd3 e6 12. Bg5 Qd6 13. Qe3 Rc8 14. Rfd1 Qf8
15. h4 h6 16. Bf4 Nd7 17. e5 cxd4 18. cxd4 Bd5 19. a4 Rc7 20. Nd2 Rac8 21. Ne4
Bxe4 22. Qxe4 Qe7 23. Bd2 f5 24. exf6 Qxf6 25. Bg4 Re8 26. Rbc1 Rxc1 27. Rxc1
Nf8 28. Be3 Qd8 29. Be2 Re7 30. Bc4 Qd6 31. Bb3 Qb4 32. Qd3 Qd6 33. Qe4 Qb4 34.
Rb1 Qd6 35. Rd1 Qb4 36. Rd3 Kh8 37. Bd2 Qd6 38. Bf4 Qb4 39. Qe3 Kh7 40. h5 Rd7
41. hxg6+ Nxg6 42. Bg3 Nf8 43. Qe4+ Kh8 44. Be5 Qe7 45. Rg3 Qe8 46. Qf4 Nh7 47.
Rxg7 Rxg7 48. Qxh6 Qe7 49. Bxe6 Qb7 50. d5 1-0

[Event "LYM - Open Maîtres"]
[Site "Lausanne - Casino de Montbenon"]
[Date "2000.??.??"]
[Round "2"]
[White "Etchegaray, Patrice"
[Black "Gallagher, Joseph"
[Result "0-1"]
[WhiteElo "2360"]
[BlackElo "2558"]
[PlyCount "218"]

1. e4 c5 2. c3 Nf6 3. e5 Nd5 4. d4 cxd4 5. Nf3 e6 6. cxd4 d6 7. a3 Nc6 8. Bd3
g6 9. O-O Bg7 10. Re1 O-O 11. Nc3 Nxc3 12. bxc3 dxe5 13. dxe5 Qa5 14. Qe2 Qxc3
15. Bd2 Qc5 16. Rec1 Qe7 17. Bb5 Rd8 18. Bxc6 bxc6 19. Rxc6 Bb7 20. Bg5 Qe8 21.
Rc7 Rd7 22. Rac1 Rb8 23. Qe3 Rxc7 24. Rxc7 Qa4 25. h3 Qd1+ 26. Kh2 Bxf3 27. Qf4
Rf8 28. gxf3 Qe1 29. Kg2 Bxe5 30. Qc1 Qxc1 31. Rxc1 Kg7 32. Be3 a6 33. Rc5 Bd6
34. Bd4+ Kg8 35. Rc6 Bxa3 36. Rxa6 Be7 37. Ra7 Re8 38. Rc7 Bg5 39. Be5 Rd8 40.
Rb7 f6 41. Bc3 e5 42. Bb4 h5 43. Bc5 Rd2 44. Ba7 Rc2 45. Rb3 Kf7 46. Be3 Bxe3
47. Rxe3 Rc4 48. Ra3 Ke6 49. Ra6+ Kf5 50. Rb6 Rc3 51. Ra6 Kg5 52. Rb6 Rc4 53.
Ra6 Rf4 54. Rb6 Kf5 55. Ra6 Rd4 56. Rb6 Ra4 57. Rc6 Rh4 58. Rb6 Rc4 59. Ra6 g5
60. Rb6 Ra4 61. Rc6 Rb4 62. Ra6 Rc4 63. Rb6 Rd4 64. Ra6 Rf4 65. Rb6 g4 66.
hxg4+ hxg4 67. fxg4+ Rxg4+ 68. Kf3 Ra4 69. Rb3 Kg5 70. Rc3 f5 71. Rb3 Rh4 72.
Rb5 e4+ 73. Kg2 Rg4+ 74. Kf1 Kf4 75. Rb3 Rg8 76. Rh3 Ra8 77. Rh4+ Kg5 78. Rh7
Ra2 79. Re7 Kf4 80. Kg2 Ra8 81. Rb7 Rg8+ 82. Kf1 Kg4 83. Rb4 Rc8 84. Kg2 Rc2
85. Ra4 Kg5 86. Kf1 Rb2 87. Rc4 Rd2 88. Rb4 Kf4 89. Kg2 Ke5 90. Rb8 f4 91. Kf1
Kf5 92. Re8 Ra2 93. Kg1 f3 94. Rf8+ Ke5 95. Re8+ Kd4 96. Rd8+ Kc3 97. Rd7 Rd2
98. Re7 Kd3 99. Re8 Ra2 100. Re7 Ra5 101. Re8 Kd4 102. Rd8+ Rd5 103. Re8 Kd3
104. Re7 Rc5 105. Re8 Rc1+ 106. Kh2 Ke2 107. Kg3 Rg1+ 108. Kf4 Kxf2 109. Rxe4
Rg8 0-1

[Event "LYM - Open Maîtres"]
[Site "Lausanne - Casino de Montbenon"]
[Date "2000.??.??"]
[Round "2"]
[White "Pahud, Cederic"]
[Black "Tournier, Pascal"]
[Result "0-1"]
[WhiteElo "2117"]
[BlackElo "2230"]
[PlyCount "46"]

1. c4 e5 2. Nc3 Nf6 3. Nf3 Nc6 4. g3 Bb4 5. Bg2 O-O 6. Nd5 Re8 7. Nxb4 Nxb4 8.
O-O e4 9. Nd4 d5 10. Nc2 a5 11. Nxb4 axb4 12. Qb3 dxc4 13. Qxc4 Qd6 14. Qc2 Bf5
15. b3 Rad8 16. Rd1 Re5 17. d3 exd3 18. exd3 Bxd3 19. Qd2 Ne4 20. Qf4 Nc3 21.
Bf3 Nxd1 22. Bxd1 Re1+ 23. Kg2 Bf1+ 0-1

[Event "LYM - Open Maîtres"]
[Site "Lausanne - Casino de Montbenon"]
[Date "2000.??.??"]
[Round "2"]
[White "Ambrosini, Nicola"]
[Black "Mouron, Daniel"]
[Result "1-0"]
[WhiteElo "2166"]
[BlackElo "2013"]
[PlyCount "61"]

1. e4 e5 2. Nc3 Bc5 3. f4 d6 4. Nf3 Nf6 5. Bc4 Nc6 6. d3 a6 7. f5 Na5 8. Bg5
Bb4 9. Bb3 Nxb3 10. axb3 d5 11. O-O Bxc3 12. bxc3 Qd6 13. Qe2 dxe4 14. dxe4
Qc5+ 15. Kh1 Bd7 16. c4 O-O 17. Bxf6 gxf6 18. h3 Rfd8 19. Nh2 Kf8 20. Qh5 Ke7
21. Ng4 Rg8 22. Qh6 Qb6 23. c5 Qc6 24. Rad1 Rad8 25. Ne3 Bc8 26. Nd5+ Rxd5 27.
Rxd5 Qb5 28. Rfd1 Qe2 29. Rxe5+ Be6 30. Rxe6+ fxe6 31. Qxh7+ 1-0

[Event "LYM - Open Maîtres"]
[Site "Lausanne - Casino de Montbenon"]
[Date "2000.??.??"]
[Round "2"]
[White "Meylan, Pierre"]
[Black "Kradolfer, Georg"]
[Result "1-0"]
[WhiteElo "2095"]
[BlackElo "2174"]
[PlyCount "89"]

1. e4 c5 2. Nf3 d6 3. Bb5+ Bd7 4. Bxd7+ Nxd7 5. O-O Ngf6 6. Qe2 e6 7. c3 Be7 8.
d4 O-O 9. Bf4 d5 10. e5 Ne4 11. Ne1 h6 12. f3 Ng5 13. Nd3 cxd4 14. cxd4 Qb6 15.
Be3 Rfc8 16. Nc3 Rc4 17. Qf2 f5 18. exf6 Bxf6 19. Ne2 Be7 20. Ne5 Nxe5 21. dxe5
Qxb2 22. Rfb1 Qxe5 23. f4 Nf3+ 24. gxf3 Qh5 25. Rxb7 Bf6 26. Rab1 Rc2 27. Ng3
Rxf2 28. Nxh5 Rxa2 29. Nxf6+ gxf6 30. Re7 Rc8 31. Bd4 a5 32. Bxf6 a4 33. Bc3
Rc2 34. Be5 Rc1+ 35. Rxc1 Rxc1+ 36. Kg2 a3 37. Rxe6 Rc2+ 38. Kg3 h5 39. Ra6 a2
40. Ra7 Rd2 41. f5 Re2 42. Bd4 Re4 43. Bb2 d4 44. f6 Re2 45. f7+ 1-0

[Event "LYM - Open Maîtres"]
[Site "Lausanne - Casino de Montbenon"]
[Date "2000.??.??"]
[Round "2"]
[White "Zwanzger, Johannes"]
[Black "Ferrari, Nicola"]
[Result "1/2-1/2"]
[WhiteElo "2275"]
[BlackElo "2093"]
[PlyCount "97"]

1. e4 c6 2. d4 d5 3. e5 Bf5 4. Nc3 h5 5. Be2 e6 6. Be3 Nd7 7. Bxh5 c5 8. Be2
Ne7 9. Qd2 Nc6 10. Nf3 Bg4 11. O-O-O Bxf3 12. Bxf3 cxd4 13. Bxd4 Nxd4 14. Qxd4
Qg5+ 15. Qd2 Qxd2+ 16. Rxd2 Bb4 17. Re2 Bxc3 18. bxc3 Rc8 19. Re3 Ke7 20. Be2
Rc5 21. f4 Rhc8 22. Kb2 Nb6 23. Kb3 R8c6 24. a3 Nc4 25. Bxc4 Rxc4 26. Rf3 Rb6+
27. Ka2 Rbc6 28. Rb1 b6 29. Rb3 Re4 30. Rf2 g5 31. g3 gxf4 32. gxf4 Rcc4 33.
Rb4 Rxc3 34. Rxe4 dxe4 35. Re2 f6 36. Kb2 Rc4 37. Kb3 b5 38. h4 e3 39. Rxe3
Rxf4 40. exf6+ Rxf6 41. Rh3 a5 42. h5 Kf7 43. h6 Kg8 44. h7+ Kh8 45. a4 Rf4 46.
axb5 Rb4+ 47. Ka3 Rxb5 48. Ka4 Rc5 49. Rh6 1/2-1/2

[Event "LYM - Open Maîtres"]
[Site "Lausanne - Casino de Montbenon"]
[Date "2000.??.??"]
[Round "2"]
[White "Stankovic, Zeljko"]
[Black "Buckley, Simon"]
[Result "0-1"]
[WhiteElo "2026"]
[BlackElo "2279"]
[PlyCount "100"]

1. d4 Nf6 2. c4 g6 3. Nc3 Bg7 4. e4 d6 5. f4 O-O 6. Be2 c5 7. d5 b5 8. cxb5 a6
9. bxa6 Qa5 10. Bd2 Bxa6 11. Nf3 Bxe2 12. Qxe2 Qa6 13. Rb1 Nfd7 14. a3 Nb6 15.
O-O Qxe2 16. Nxe2 f5 17. Ng5 fxe4 18. Bc3 Bf6 19. Bxf6 Rxf6 20. Nc3 e3 21. Rfe1
Nc4 22. Ne6 Nd7 23. Nd1 Ndb6 24. Nxe3 Nxe3 25. Rxe3 Nxd5 26. Re4 Rc8 27. Rd1
Nc7 28. Nxc7 Rxc7 29. b4 cxb4 30. axb4 Rf5 31. Rb1 Rb5 32. Kf2 Kf7 33. Kf3 Rcb7
34. Rb3 d5 35. Rd4 e6 36. Ke3 Kf6 37. g3 Kf5 38. h3 h5 39. Kf3 g5 40. g4+ hxg4+
41. hxg4+ Kf6 42. Re3 gxf4 43. Rxf4+ Ke7 44. g5 Rxb4 45. g6 Rxf4+ 46. Kxf4 Kf6
47. Kg4 Rg7 48. Kh5 Rxg6 49. Ra3 Rg8 50. Re3 e5 0-1

[Event "LYM - Open Maîtres"]
[Site "Lausanne - Casino de Montbenon"]
[Date "2000.??.??"]
[Round "2"]
[White "Prouteau, Thomas"]
[Black "Cornette, Matthieu"]
[Result "1-0"]
[WhiteElo "2020"]
[BlackElo "2119"]
[PlyCount "111"]

1. d4 Nf6 2. c4 e5 3. dxe5 Ng4 4. Nf3 Bc5 5. e3 Nc6 6. Be2 O-O 7. a3 a5 8. Nc3
Ncxe5 9. Nxe5 Nxe5 10. O-O Re8 11. Rb1 d6 12. b4 axb4 13. axb4 Ba7 14. Qc2 c6
15. Rd1 Qh4 16. b5 Bc5 17. Na4 Rxa4 18. Qxa4 cxb5 19. Qxb5 Bd7 20. Qb3 Bc6 21.
Rd5 b6 22. Bb2 Ng4 23. Bxg4 Qxg4 24. Rbd1 Re6 25. h3 Qh4 26. R5d4 Qh5 27. Rg4
Rg6 28. Rxg6 Qxg6 29. Rd5 f6 30. Qd3 Bxd5 31. Qxd5+ Qf7 32. Qa8+ Qf8 33. Qd5+
Kh8 34. h4 Qg8 35. Qe4 Qf8 36. g4 Qd8 37. h5 h6 38. Kg2 Kg8 39. Kf3 Qd7 40.
Qa8+ Kf7 41. Qd5+ Qe6 42. Qxe6+ Kxe6 43. Ke4 Bb4 44. f4 Kf7 45. Kf5 Bd2 46. Bd4
Ba5 47. e4 Bd2 48. Bxb6 Ke7 49. Bd4 Kf7 50. e5 Ke7 51. exf6+ gxf6 52. Bxf6+ Kf7
53. g5 hxg5 54. fxg5 Be3 55. h6 Kg8 56. Kg6 1-0